000
00341nam a22001217a 4500
040
_c
HS
082
_a
338
100
_a
បូរ៉ា កាធី
245
_a
វិទ្យាសាស្ត្រគ្រប់គ្រងកសិដ្ឋាន
260
_a
RUA
_b
បូរ៉ា កាធី
_c
2002
300
_a
118p;
942
_c
KB
999
_c
9855
_d
9855